00557nam a2200229Ia 450000500170000000800460001702000180006303700100008104000080009104000080009904000080010704100080011504100080012308400080013110000240013924500480016326000220021126000220023326000090025565000150026485600480027920260121124804.0008 260114s9999 xx 000 0 eng d a9783110935981 aEBOOK aCRL beng cCRL 2eng aeng qCRL aUshakov, Nikolai G. 0aSelected Topics in Characteristic Functions bWalter de Gruyter bWalter de Gruyter c1999 aStatistics uhttp://www.degruyter.com/isbn/9783110935981